Selección de Geografía - Estadísticas

Estadísticas generales
  • Esta prueba ha sido intentada 89 veces
  • La puntuación promedio es 31 de 45
Estadísticas de respuestas
Pregunta Azulejo Select % Correcto
los mares que estén en Europa. Mar de Coral No
97%
los mares que estén en Europa. Mar de Salomón No
96%
los países más pequeños en superficie que España. Canadá No
95%
los nombres que sean de desiertos. Fuji No
94%
los mares que estén en Europa. Mar Adriático
94%
los nombres que sean de desiertos. Ganges No
92%
los nombres que sean de desiertos. Sahara
92%
los nombres que sean de desiertos. Atacama
91%
los mares que estén en Europa. Mar del Norte
91%
los nombres que sean de desiertos. Cárpatos No
90%
los mares que estén en Europa. Mar Egeo
88%
los países que se encuentren parcialmente en la Península de Kola. España No
87%
los nombres que sean de desiertos. Gobi
87%
los nombres que sean de desiertos. Mekong No
84%
las ciudades en el hemisferio sur. El Aaiún No
83%
los países que se encuentren parcialmente en la Península de Kola. Estados Unidos No
83%
los países que se encuentren parcialmente en la Península de Kola. Afganistán No
82%
los países que se encuentren parcialmente en la Península de Kola. Croacia No
82%
los nombres que sean de desiertos. Kalahari
81%
las ciudades en el hemisferio sur. Santa Cruz de Tenerife No
78%
los países que se encuentren parcialmente en la Península de Kola. Alemania No
77%
los países más pequeños en superficie que España. Chad No
77%
las ciudades en el hemisferio sur. Yakarta
74%
los mares que estén en Europa. Mar Céltico
68%
los mares que estén en Europa. Mar Jónico
68%
las ciudades en el hemisferio sur. Cali No
65%
los países más pequeños en superficie que España. Zimbabue
65%
los mares que estén en Europa. Mar del Scotia No
62%
los países que se encuentren parcialmente en la Península de Kola. Rusia
61%
los países más pequeños en superficie que España. Rumanía
60%
las ciudades en el hemisferio sur. Bangui No
56%
las ciudades en el hemisferio sur. Kinsasa
56%
las ciudades en el hemisferio sur. Maseru
56%
los países más pequeños en superficie que España. Noruega
51%
las ciudades en el hemisferio sur. Durban
49%
los países que se encuentren parcialmente en la Península de Kola. Estonia No
47%
los nombres que sean de desiertos. Tabernas
47%
los países más pequeños en superficie que España. Kenia No
45%
los países más pequeños en superficie que España. Zambia No
43%
los países más pequeños en superficie que España. Alemania
36%
los mares que estén en Europa. Mar de Mármara
36%
los países más pequeños en superficie que España. Suecia
36%
las ciudades en el hemisferio sur. Kuala Lumpur No
34%
los países que se encuentren parcialmente en la Península de Kola. Noruega No
18%
los países que se encuentren parcialmente en la Península de Kola. Finlandia No
12%
No se encontraron pruebas coincidentes
Distribución de puntuación
Porcentaje de gente con cada puntuación
Porcentaje por número respondido
Historial de tus puntuaciones
No has intentado esta prueba.